000 00666nam a2200265Ia 4500
005 20260121165609.0
008 008 260114s9999 xx 000 0 eng d
020 _a9783319409221
037 _aEBOOK
040 _aCRL
040 _beng
040 _cCRL
041 _2eng
041 _aeng
084 _qCRL
100 _aChielozona Eze
_91053700
245 0 _aEthics and Human Rights in Anglophone African Women’s Literature
260 _bSpringer
260 _bSpringer
260 _c2016
856 _uhttps://link.springer.com/openurl?genre=book&isbn=978-3-319-40922-1
942 _cEBOOK
999 _c1619426
_d1619426